Edo hanjōki /

Saved in:
Bibliographic Details
Main Author: Terakado, Seiken, 1796-1868.
Format: Book
Language:Japanese
Published: [S.l. : s.n., Meiji 10 i.e. 1877]
Subjects:
Tags: Add Tag
No Tags, Be the first to tag this record!
LEADER 01342nam a2200325ui 4500
001 007733236-9
005 20024617122053.0
008 980310s1877 xx 000 0 jpn d
035 0 |a ocm38575436 
040 |a *YNH*  |c *YNH*  |d CStRLIN 
100 1 |6 880-01  |a Terakado, Seiken,  |d 1796-1868. 
245 1 0 |6 880-02  |a Edo hanjōki /  |c Terakado Seiken cho. 
260 |6 880-03  |a [S.l. :  |b s.n.,  |c Meiji 10 i.e. 1877] 
300 |a 8 v. ;  |c 23 cm. 
500 |a Imprint date from postscript of vol. 7. 
500 |6 880-04  |a Tenpō 3 [1832] nen Katsumijuku zōban. 
505 0 |6 880-05  |a V. 1-5. Edo hanjōki ; sho-5-hen -- V. 6-7. Hanjō kōki ; Zengo hen -- V. 8. Shinseki hanjōki. 
500 |a Double leaves, oriental style, in case. 
651 0 |a Tokyo (Japan)  |x Social life and customs  |x Anecdotes, facetiae, satire, etc. 
740 0 2 |6 880-06  |a Hanjō kōki. 
740 0 2 |6 880-07  |a Shinseki hanjōki. 
880 1 |6 100-01  |a 寺門靜軒,  |d 1796-1868. 
880 1 0 |6 245-02  |a 江戶繁昌記 /  |c 寺門靜軒著. 
880 |6 260-03  |a [S.l. :  |b s.n.,  |c 明治10 i.e. 1877] 
880 |6 500-04  |a 天保3 [1832]年克巳塾藏版. 
880 0 |6 505-05  |a V. 1-5. 江戶繁昌記; 初-5篇 -- V. 6-7. 繁昌後記; 前後編 -- V. 8. 新斥繁昌記. 
880 0 2 |6 740-06  |a 繁昌後記. 
880 0 2 |6 740-07  |a 新斥繁昌記. 
988 |a 20021221 
906 |0 MH